[Event "SVK-chT4 A21 1920"]
[Site "Slovakia"]
[Date "2019.12.15"]
[Round "5.4"]
[White "Ralbovsky, Milan"]
[Black "Bajcar, Pavol"]
[Result "1/2-1/2"]
[WhiteElo "1279"]
[BlackElo "1628"]
[PlyCount "55"]
[EventDate "2019.10.13"]
[EventType "team-tourn"]
[EventRounds "11"]
[EventCountry "SVK"]
[SourceTitle "CBM 194 Extra"]
[Source "ChessBase"]
[SourceDate "2020.03.31"]
[SourceVersion "1"]
[SourceVersionDate "2020.03.31"]
[SourceQuality "1"]
[WhiteTeam "Gbely Nafta III"]
[BlackTeam "Vrbove II"]
[WhiteTeamCountry "SVK"]
[BlackTeamCountry "SVK"]

1. e4 e6 2. d4 d5 3. e5 c5 4. c3 Nc6 5. Nf3 Qb6 6. Qb3 Qxb3 7. axb3 cxd4 8. cxd4 Bb4+ 9. Nc3 Nge7 10. Bd2 a6 11. Nb5 Bxd2+ 12. Kxd2 0-0 13. Bd3 Bd7 14. Nd6 Rab8 15. Rhc1 Nc8 16. Nxc8 Rfxc8 17. Ke3 Na7 18. Rc3 h6 19. Rac1 Kf8 20. Rc7 Rxc7 21. Rxc7 Bb5 22. Bb1 Bc6 23. Bd3 Rc8 24. Rxc8+ Nxc8 25. Nd2 Na7 26. f4 Bb5 27. Bb1 Ke7 28. f5 1/2-1/2

[Event "SVK-chT4 A21 1718"]
[Site "Slovakia"]
[Date "2017.11.12"]
[Round "4.3"]
[White "Celustkova, Lubica"]
[Black "Bajcar, Pavol"]
[Result "1/2-1/2"]
[WhiteElo "1709"]
[BlackElo "1666"]
[PlyCount "48"]
[EventDate "2017.10.01"]
[EventType "team-tourn"]
[EventRounds "11"]
[EventCountry "SVK"]
[SourceTitle "EXT 2019"]
[Source "ChessBase"]
[SourceDate "2018.10.10"]
[SourceVersion "1"]
[SourceVersionDate "2018.10.10"]
[SourceQuality "1"]
[WhiteTeam "Senica CVC II"]
[BlackTeam "Vrbove II"]
[WhiteTeamCountry "SVK"]
[BlackTeamCountry "SVK"]

1. e4 e6 2. d4 d5 3. exd5 exd5 4. Bd3 Bd6 5. h3 Nf6 6. Nf3 c6 7. c3 Be6 8. Be3 Qc7 9. Qc2 Nbd7 10. Nbd2 0-0-0 11. 0-0-0 h6 12. Nh4 Bf4 13. Nf5 Bxf5 14. Bxf5 Rhe8 15. Rde1 Kb8 16. Kb1 Bxe3 17. fxe3 Nh5 18. e4 Ng3 19. Rhg1 Nxf5 20. exf5 Qg3 21. Nf3 Nf6 22. Ne5 Kc8 23. Ref1 Re7 24. Rf3 Qh4 1/2-1/2

[Event "SVK-chT4 A21 1617"]
[Site "Slovakia"]
[Date "2017.02.26"]
[Round "10.4"]
[White "Bendzela, Tibor"]
[Black "Bajcar, Pavol"]
[Result "0-1"]
[WhiteElo "1675"]
[BlackElo "1665"]
[PlyCount "86"]
[EventDate "2016.10.09"]
[EventType "team-tourn"]
[EventRounds "11"]
[EventCountry "SVK"]
[SourceTitle "EXT 2020"]
[Source "ChessBase"]
[SourceDate "2019.10.17"]
[SourceVersion "1"]
[SourceVersionDate "2019.10.17"]
[SourceQuality "1"]
[WhiteTeam "Senica II"]
[BlackTeam "Vrbove II"]
[WhiteTeamCountry "SVK"]
[BlackTeamCountry "SVK"]

1. e4 e6 2. d4 d5 3. e5 c5 4. c3 Nc6 5. Bb5 Bd7 6. Bxc6 Bxc6 7. Be3 Qb6 8. b3 cxd4 9. Bxd4 Bc5 10. Bxc5 Qxc5 11. Nf3 Ne7 12. 0-0 Rc8 13. h4 Nf5 14. h5 Ng3 15. Re1 Ne4 16. Rf1 Bb5 17. b4 Qb6 18. a4 Bxf1 19. Qxf1 Nxc3 20. Nxc3 Rxc3 21. a5 Qc6 22. Qb1 h6 23. b5 Qc5 24. b6 a6 25. Qd1 0-0 26. g4 Rc8 27. Kg2 Rc1 28. Rxc1 Qxc1 29. Qd3 Qf4 30. g5 hxg5 31. Nh2 Qxe5 32. h6 Qe4+ 33. Qxe4 dxe4 34. Ng4 Rc5 35. f3 exf3+ 36. Kxf3 f5 37. h7+ Kxh7 38. Nf2 Rxa5 39. Nd3 Ra3 40. Ke2 Rxd3 41. Kxd3 e5 42. Kc4 g4 43. Kc5 g3 0-1

[Event "SVK-chT4 A21 1516"]
[Site "Slovakia"]
[Date "2016.01.24"]
[Round "7.3"]
[White "Klimes, Karel"]
[Black "Bajcar, Pavol"]
[Result "1-0"]
[WhiteElo "1658"]
[BlackElo "1717"]
[PlyCount "75"]
[EventDate "2015.10.04"]
[EventType "team-tourn"]
[EventRounds "11"]
[EventCountry "SVK"]
[SourceTitle "EXT 2017"]
[Source "ChessBase"]
[SourceDate "2016.10.25"]
[SourceVersion "1"]
[SourceVersionDate "2016.10.25"]
[SourceQuality "1"]
[WhiteTeam "Stefanov"]
[BlackTeam "Vrbove III"]
[WhiteTeamCountry "SVK"]
[BlackTeamCountry "SVK"]

1. e4 e6 2. c4 d5 3. cxd5 exd5 4. e5 Bf5 5. d4 Nd7 6. Nf3 Bb4+ 7. Bd2 Qe7 8. Qb3 Bxd2+ 9. Nbxd2 Nb6 10. Bd3 Bxd3 11. Qxd3 h6 12. Qb5+ Qd7 13. Qxd7+ Nxd7 14. Nb3 Ne7 15. Rc1 c6 16. 0-0 0-0 17. Nh4 Rac8 18. f4 Nb6 19. Nc5 Rc7 20. b3 Nd7 21. Nd3 g6 22. f5 g5 23. f6 gxh4 24. fxe7 Re8 25. Nf4 Rxe7 26. Nxd5 Nf8 27. Nxc7 Rxc7 28. d5 c5 29. d6 Rc6 30. Rc4 h3 31. Rfc1 b6 32. b4 Nd7 33. Re4 hxg2 34. b5 Rc8 35. e6 fxe6 36. Rxe6 c4 37. Re7 Nf6 38. Rxa7 1-0

[Event "SVK-chT3A2 1516"]
[Site "Slovakia"]
[Date "2015.11.15"]
[Round "3.1"]
[White "Janas, Peter"]
[Black "Bajcar, Pavol"]
[Result "1/2-1/2"]
[WhiteElo "1667"]
[BlackElo "1753"]
[PlyCount "46"]
[EventDate "2015.10.11"]
[EventType "team-tourn"]
[EventRounds "11"]
[EventCountry "SVK"]
[SourceTitle "EXT 2020"]
[Source "ChessBase"]
[SourceDate "2019.10.17"]
[SourceVersion "1"]
[SourceVersionDate "2019.10.17"]
[SourceQuality "1"]
[WhiteTeam "Hlohovec"]
[BlackTeam "Vrbove"]
[WhiteTeamCountry "SVK"]
[BlackTeamCountry "SVK"]

1. d4 e6 2. c4 b6 3. Nf3 Bb7 4. g3 d5 5. Bg2 dxc4 6. Qa4+ Nd7 7. 0-0 Ngf6 8. Qxc4 Be7 9. Bf4 Bd6 10. Bxd6 cxd6 11. Nc3 0-0 12. Qb4 d5 13. Nd2 Nb8 14. e3 Nc6 15. Qa4 Qd7 16. Rac1 Rfc8 17. b4 Ne7 18. Qb3 Ne8 19. Rfd1 Nd6 20. Bf1 g6 21. a4 a6 22. Bd3 Kg7 23. Rc2 Rc7 1/2-1/2

[Event "SVK-chT4A21 1314"]
[Site "Slovakia"]
[Date "2014.03.30"]
[Round "11.4"]
[White "Bajcar, Pavol"]
[Black "Likavska, Barbora"]
[Result "0-1"]
[WhiteElo "1745"]
[BlackElo "1870"]
[PlyCount "57"]
[EventDate "2013.10.06"]
[EventType "team-tourn"]
[EventRounds "11"]
[EventCountry "SVK"]
[SourceTitle "EXT 2022"]
[Source "ChessBase"]
[SourceDate "2021.10.06"]
[SourceVersion "1"]
[SourceVersionDate "2021.10.06"]
[SourceQuality "1"]
[WhiteTeam "Vrbove III"]
[BlackTeam "Brezova"]
[WhiteTeamCountry "SVK"]
[BlackTeamCountry "SVK"]

1. d4 Nf6 2. Bf4 d6 3. Nf3 g6 4. Nbd2 Bg7 5. e4 Nh5 6. Bg3 Nxg3 7. hxg3 Bg4 8. c3 0-0 9. Bc4 Nd7 10. Qb3 Nb6 11. Ng5 Nxc4 12. Qxc4 h6 13. Ngf3 c6 14. e5 dxe5 15. Nxe5 Be6 16. Qe2 Qd5 17. Ndf3 Rad8 18. Qe3 g5 19. Nd3 Bf5 20. Nc1 e5 21. 0-0 exd4 22. cxd4 Bxd4 23. Nxd4 Qxd4 24. Qb3 b6 25. Ne2 Qd3 26. Nc3 Qc2 27. Qxc2 Bxc2 28. Rac1 Bf5 29. Ne2 0-1

[Event "SVK-chT4A21 1314"]
[Site "Slovakia"]
[Date "2014.03.09"]
[Round "10.4"]
[White "Trojkova, Michaela"]
[Black "Bajcar, Pavol"]
[Result "0-1"]
[WhiteElo "1455"]
[BlackElo "1745"]
[PlyCount "118"]
[EventDate "2013.10.06"]
[EventType "team-tourn"]
[EventRounds "11"]
[EventCountry "SVK"]
[SourceTitle "EXT 2022"]
[Source "ChessBase"]
[SourceDate "2021.10.06"]
[SourceVersion "1"]
[SourceVersionDate "2021.10.06"]
[SourceQuality "1"]
[WhiteTeam "Senica CVC II"]
[BlackTeam "Vrbove III"]
[WhiteTeamCountry "SVK"]
[BlackTeamCountry "SVK"]

1. d4 e6 2. e4 d5 3. exd5 exd5 4. Nf3 Nf6 5. Nc3 Bd6 6. Bg5 c6 7. Be2 Bf5 8. 0-0 Nbd7 9. Re1 0-0 10. Bd3 Bg4 11. h3 Bh5 12. Bf5 Qc7 13. Kh1 Rfe8 14. Qd3 Bf4 15. Bxd7 Nxd7 16. Bxf4 Qxf4 17. Ne2 Qf6 18. Nd2 Qxf2 19. Nf3 Bxf3 20. Qxf3 Qxf3 21. gxf3 Re3 22. Kg2 Rae8 23. Kf2 Nf8 24. Ng3 Rxe1 25. Rxe1 Rxe1 26. Kxe1 Ne6 27. c3 Nf4 28. h4 Ng2+ 29. Kf2 Nxh4 30. b3 g6 31. c4 Kg7 32. Ne2 Nf5 33. cxd5 cxd5 34. Nc3 Nxd4 35. Nxd5 Nb5 36. a4 Nd4 37. b4 Nc6 38. b5 Nb8 39. a5 a6 40. bxa6 bxa6 41. Nc7 Nc6 42. Nxa6 Nxa5 43. Nc5 Nc6 44. Ne4 h5 45. Kg3 Nd4 46. f4 f6 47. Kh4 Kf7 48. Ng3 Ke6 49. Nf1 Ne2 50. Ne3 Nxf4 51. Kg3 g5 52. Nf1 f5 53. Nh2 Ng6 54. Nf3 f4+ 55. Kg2 Nh4+ 56. Nxh4 gxh4 57. Kh3 f3 58. Kxh4 f2 59. Kxh5 f1Q 0-1

[Event "SVK-chT4A21 1314"]
[Site "Slovakia"]
[Date "2014.02.09"]
[Round "8.4"]
[White "Zlamal, Marek"]
[Black "Bajcar, Pavol"]
[Result "0-1"]
[WhiteElo "1638"]
[BlackElo "1745"]
[PlyCount "130"]
[EventDate "2013.10.06"]
[EventType "team-tourn"]
[EventRounds "11"]
[EventCountry "SVK"]
[SourceTitle "EXT 2022"]
[Source "ChessBase"]
[SourceDate "2021.10.06"]
[SourceVersion "1"]
[SourceVersionDate "2021.10.06"]
[SourceQuality "1"]
[WhiteTeam "Skalica III"]
[BlackTeam "Vrbove III"]
[WhiteTeamCountry "SVK"]
[BlackTeamCountry "SVK"]

1. e4 e6 2. d3 d5 3. Be2 Bc5 4. d4 Bb6 5. e5 c5 6. Nf3 cxd4 7. Nxd4 Ne7 8. 0-0 Ng6 9. f4 Nc6 10. Bb5 Qc7 11. Kh1 Bd7 12. Nxc6 Bxc6 13. Nc3 a6 14. Bxc6+ Qxc6 15. Qd3 Ne7 16. Ne2 Rc8 17. c3 Qc4 18. Qxc4 Rxc4 19. b3 Rc6 20. Ba3 Bc5 21. Bxc5 Rxc5 22. Rac1 0-0 23. Nd4 Rfc8 24. Rf3 b5 25. a3 Kf8 26. g4 Nc6 27. Rd1 Nxd4 28. cxd4 Rc2 29. Rdd3 Rc1+ 30. Kg2 R8c2+ 31. Rf2 Rc3 32. Rxc3 Rxc3 33. Rf3 Rc2+ 34. Rf2 Rc1 35. Rf3 Ke7 36. Rd3 a5 37. Kf3 Rc2 38. h4 g6 39. h5 Kd7 40. hxg6 hxg6 41. Ke3 Ra2 42. a4 bxa4 43. bxa4 Rxa4 44. Rc3 Rb4 45. Kd3 a4 46. Rc5 Rb3+ 47. Rc3 Rb4 48. Rc5 a3 49. Rc2 Rb3+ 50. Kd2 Rf3 51. f5 gxf5 52. gxf5 Rf2+ 53. Kd3 Rxc2 54. fxe6+ Kxe6 55. Kxc2 Kf5 56. Kb3 Ke4 57. Kxa3 Kxd4 58. Kb2 Kxe5 59. Kc2 f5 60. Kd3 d4 61. Ke2 Ke4 62. Kd2 f4 63. Ke2 d3+ 64. Kd1 Ke3 65. Ke1 f3 0-1

[Event "SVK-chT4A21 1213"]
[Site "Slovakia"]
[Date "2013.02.17"]
[Round "9.4"]
[White "Bajcar, Pavol"]
[Black "Harastova, Viera"]
[Result "1/2-1/2"]
[WhiteElo "1635"]
[BlackElo "1851"]
[PlyCount "77"]
[EventDate "2012.10.14"]
[EventType "team-tourn"]
[EventRounds "11"]
[EventCountry "SVK"]
[SourceTitle "EXT 2022"]
[Source "ChessBase"]
[SourceDate "2021.10.06"]
[SourceVersion "1"]
[SourceVersionDate "2021.10.06"]
[SourceQuality "1"]
[WhiteTeam "Vrbove"]
[BlackTeam "Skalica III"]
[WhiteTeamCountry "SVK"]
[BlackTeamCountry "SVK"]

1. d4 d5 2. Bf4 e6 3. e3 Bd6 4. Bg3 Nf6 5. Bd3 b6 6. Nf3 Bb7 7. c3 0-0 8. Nbd2 Nbd7 9. Qc2 Re8 10. 0-0 e5 11. dxe5 Nxe5 12. Rfe1 Nxd3 13. Qxd3 Ne4 14. Rad1 Bxg3 15. hxg3 Qf6 16. Qd4 Qxd4 17. exd4 f6 18. Nxe4 dxe4 19. Nd2 Re7 20. f3 Rae8 21. fxe4 Bxe4 22. Nxe4 Rxe4 23. Rxe4 Rxe4 24. Kf2 Kf7 25. Re1 Rxe1 26. Kxe1 Ke6 27. Ke2 Kd5 28. Kd3 b5 29. b3 f5 30. Ke3 g5 31. Kf3 h5 32. Ke3 c5 33. dxc5 Kxc5 34. Kd3 Kd5 35. Ke3 Ke5 36. Kf3 a5 37. Ke3 Kd5 38. Kd3 a4 39. Ke3 1/2-1/2